| 000 | 00471nam a2200157 a 4500 | ||
|---|---|---|---|
| 001 | 000016450 | ||
| 005 | 20200929164921.0 | ||
| 008 | 100305sxxuu dr 000 0 spa d | ||
| 040 | _aDO-SdBNP | ||
| 082 |
_axxx _bS326 |
||
| 100 | 1 |
_aScheker Ortíz, Luis A. _98534 |
|
| 245 | 1 | 3 |
_aLa política deportiva del gobierno de concertación nacional 1982-86 / _cLuis A. Scheker Ortíz. |
| 260 |
_aSanto Domingo : _bSedefir, _c198? |
||
| 300 |
_a134 p. ; _c19 cm. |
||
| 049 | _aBNPD | ||
| 999 |
_c15985 _d15985 |
||